| 000 | 00627 a2200193 4500 | ||
|---|---|---|---|
| 001 | 61082 | ||
| 005 | 20260407155901.0 | ||
| 008 | 260407a1966 arg spa d | ||
| 003 | AR-UNSa-BCEJYS | ||
| 040 |
_aAR-UNSa-BCEJYS _bspa _cAR-UNSa-BCEJYS |
||
| 080 |
_a351.71 _xBienes públicos. Obras públicas. Impuestos (Contratación pública) |
||
| 245 | 1 | 0 |
_aRégimen legal de las obras públicas _pDoctrina, Legislación, Jurisprudencia |
| 264 | 1 |
_aBuenos Aires : _bEdiciones Depalma _c1966 |
|
| 300 |
_a437 p. _c23 cm. |
||
| 041 | _aspa | ||
| 942 | _cBK | ||
| 590 | _aniveau_biblio:m niveau_hierar:0 | ||
| 100 | 1 | _aMó, Fernando F. | |
| 999 |
_c7208 _d7208 |
||